Διερεύνηση επενδυτικών ευκαιριών στη βιομηχανική συμπαραγωγή

Saved in:
Bibliographic Details
Main Author: Αλιβιζάτος, Γεράσιμος
Corporate Author: Ελληνική Τράπεζα Βιομηχανικής Ανάπτυξης Διεύθυνση Μελετών
Other Authors: Βακάλης, Ανδρέας Β.
Format: Book
Language:Greek
Published: Αθήνα : Ελληνική Τράπεζα Βιομηχανικής Αναπτύξεως Α.Ε., 1988
Subjects:
Tags: Add Tag
No Tags, Be the first to tag this record!

MARC

LEADER 00000cam a2200000 i 4500
001 1/102896
008 950330s1988 gr | ||| |||| ||gre||
035 |l 10012681 
040 |a GR-MY-UA  |b gre  |e aacr 
041 0 |a gre 
082 0 |a 332.6 
100 1 |a Αλιβιζάτος, Γεράσιμος. 
245 1 0 |a Διερεύνηση επενδυτικών ευκαιριών στη βιομηχανική συμπαραγωγή /  |c Γεράσιμος Ν. Αλιβιζάτος, Ανδρέας Β. Βακάλης 
260 |a Αθήνα :   |b Ελληνική Τράπεζα Βιομηχανικής Αναπτύξεως Α.Ε.,   |c 1988 
300 |a 128 σ.;  |b πιν.;  |c 24 cm 
650 0 0 |a Investments. 
650 0 0 |a Industrial productivity. 
700 1 |a Βακάλης, Ανδρέας Β. 
710 2 |a Ελληνική Τράπεζα Βιομηχανικής Ανάπτυξης  |b Διεύθυνση Μελετών. 
852 |a INST  |b CHIOS  |e 20000824  |h 332.6 ΑΛΙ  |p 005200002055  |q 005200002055  |t BK  |y 0 
852 |a INST  |b CHIOS  |e 19950330  |h 332.6 ΑΛΙ  |p 005200002056  |q 005200002056  |t BK  |y 0 
852 |a INST  |b LESVOS  |e 19950510  |h 332.6 ΑΛΙ  |p 005100001129  |q 005100001129  |t BK  |y 0 
901 |a BIBL2-2000-2 
909 |a Χ  |b 015407 
909 |a Λ  |b 015409 
909 |a Χ  |b 015408 
920 |a ΕΛΛΗΝΙΚΗ ΤΡΑΠΕΖΑ ΒΙΟΜΗΧΑΝΙΚΗΣ ΑΝΑΠΤΥΞΗΣ (ΕΤΒΑ)  |y ΧΙΟΣ  |z 1989-10 
970 |z 2000/08/ΔΕΜΕΝΑΓΑΣ